Daily Quiz #2 - Statistics

General Stats
  • This quiz has been taken 41 times
  • The average score is 4 of 5
Answer Stats
Hint Answer % Correct
Name either country the United States was at war with in the 21st century Iraq / Afghanistan
97%
What was the last state to join the United States Hawaii
95%
What city is the Golden Gate Bridge in? San Francisco
89%
Which president resigned due to pressure from the watergate scandal (where the democratic parties headquarters were wiretapped)? Richard Nixon
87%
What state is Philadelphia in? Pennsylvania
76%
No matching quizzes found
Score Distribution
Percent of People with Each Score
Percentile by Number Answered
Your Score History
You have not taken this quiz